000
00324nam a22001457a 4500
008
231127b ||||| |||| 00| 0 eng d
020
_a
046505014X
041
_a
eng
080
_a
521
082
_a
521STA
100
_a
19
101
_a
ASTR
245
_a
THE NEW EVOLUTIONARY TIMETABLE
_c
STANLEY .M .S
942
_2
udc
_c
BK
999
_c
60538
_d
60538